| 000 | 01202pam a2200217 a 4500 | ||
|---|---|---|---|
| 020 | _a0872629457 | ||
| 082 | 0 | 0 |
_a621.4838 _bDYN _cL-NUST, P-19 |
| 245 | 0 | 0 |
_aDynamic analysis and design considerations for high-level nuclear waste repositories : _bproceedings of the symposium sponsored by the Nuclear Dynamic Analysis Committee of the Structural Division of the American Society of Civil Engineers and co-sponsored by the U.S. Department of Energy, Office of Civilian Radioactive Waste Management, Holiday Inn Golden Gateway, San Francisco, California, August 19-20, 1992 / _cQuazi A. Hossain, editor. |
| 260 |
_aNew York, N.Y. : _bAmerican Society of Civil Engineers, _cc1993. |
||
| 300 |
_aviii, 435 p. : _bill. ; _c22 cm. |
||
| 526 |
_a0 _b0 _c0 _d621_483800000000000_DYN |
||
| 650 | 0 |
_aEarthquake engineering _xCongresses. _943427 |
|
| 650 | 0 |
_aMCE _9379 |
|
| 650 | 0 |
_aRadioactive waste repositories. _943428 |
|
| 650 | 0 |
_aRadioactive waste sites _xDesign and construction _xCongresses. _943429 |
|
| 650 | 0 |
_aStructural dynamics _xCongresses. _942810 |
|
| 700 | 1 |
_aHossain, Quazi A. _943430 |
|
| 710 | 1 |
_aUnited States. _921185 |
|
| 710 | 2 |
_aAmerican Society of Civil Engineers. _9702 |
|
| 942 |
_2ddc _cBK |
||
| 999 |
_c547243 _d547243 |
||